Computerized Representation of Scattering Parameters on Smith Chart and Polar Plot (CRISP) (Record no. 326727)
[ view plain ]
| 000 -LEADER | |
|---|---|
| fixed length control field | 00427 a2200133 4500 |
| 001 - CONTROL NUMBER | |
| control field | 91654 |
| 082 ## - DEWEY DECIMAL CLASSIFICATION NUMBER | |
| Classification number | PR 1622 |
| 090 ## - LOCALLY ASSIGNED LC-TYPE CALL NUMBER (OCLC); LOCAL CALL NUMBER (RLIN) | |
| -- | 43814 |
| -- | 43813 |
| 100 ## - MAIN ENTRY--PERSONAL NAME | |
| Personal name | Masood Maqbool; Dr. Ahmed Ejaz Nadeem and Muhammad Ramzan, Advisors |
| 245 ## - TITLE STATEMENT | |
| Title | Computerized Representation of Scattering Parameters on Smith Chart and Polar Plot (CRISP) |
| Number of part/section of a work | 51 "B" EC |
| 260 ## - PUBLICATION, DISTRIBUTION, ETC. | |
| Place of publication, distribution, etc. | Rawalpindi |
| Name of publisher, distributor, etc. | NUST |
| Date of publication, distribution, etc. | 1999 |
| 300 ## - PHYSICAL DESCRIPTION | |
| Extent | 52p |
| 500 ## - GENERAL NOTE | |
| General note | BE Project Reports |
| 942 ## - ADDED ENTRY ELEMENTS (KOHA) | |
| Institution code [OBSOLETE] | CAE NUST |
| Call number prefix | PR 1622 |
| Withdrawn status | Lost status | Damaged status | Not for loan | Collection code | Permanent Location | Current Location | Date acquired | Total Checkouts | Full call number | Barcode | Date last seen | Price effective from | Koha item type |
|---|---|---|---|---|---|---|---|---|---|---|---|---|---|
| College of Aeronautical Engineering (CAE) | College of Aeronautical Engineering (CAE) | 04/03/2017 | PR 1622 | CAEPR-1622 | 04/05/2017 | 04/05/2017 | Book |
